Quick Pick: Saintly Capitals Quiz Stats

 Plays Quiz Updated Jan 17, 2019

Support Sporcle.
Go Orange.
Score 0/8 Timer 01:30
0 Plays Today
% Correct
El Salvador
78.5%
San Marino
75.7%
Dominican Republic
74.9%
Costa Rica
69.2%
São Tomé and Príncipe
68.2%
Chile
65.5%
Antigua and Barbuda
58.5%
Grenada
49.9%

Today's Daily Dose

Missing Word
50 Cent Songs

Word Ladder
Close Gunshot

Quick Pick
Pop Punk Bands

Get the Picture
An 'S' in Disney

From the Vault

George Clooney Characters by Description

by Puzzgal

Movies 6m
Suave & good-looking aren't enough. This is about the character!
Remove Ads.
Support Sporcle.
Get the best of Sporcle when you Go Orange. This ad-free experience offers more features, more stats, and more fun while also helping to support Sporcle. Thank you for becoming a member.

Show Comments

Extras

Top Quizzes Today


Score Distribution

Your Account Isn't Verified!

In order to create a playlist on Sporcle, you need to verify the email address you used during registration. Go to your Sporcle Settings to finish the process.

Report this User

Report this user for behavior that violates our Community Guidelines.

Details: